000 00239nam a2200097Ia 4500
001 687509
005 20250826161557.0
008 250824s9999 xx 000 0 und d
245 0 _aKAYIP ZAMANLAR
_cMICHAEL MORPURGO
260 _bTUDEM YAYINLARI
999 _c687509
_d687509